LEADER 01024nam a2200241 i 4500 001 000000159428 003 CaOOAMICUS 005 20070315000000.0 008 070315s2004 it u000 u ita u 013 $a136791 040 $aSeMil$bita 100 1 $aDe Seta, Cesare,$d<1941- >.$0(OLS)http://semarc/name/19477 245 13$aIl Colosseo :$bun simbolo della coscienza europea /$cCesare De Seta. 250 $aEd. fuori commercio per Capitalia, Gruppo Bancario. 260 $aRoma :$bCosmopoli,$cCopyr. 2004 (2. ed. 2005) 300 $a269 p. :$briccamente ill. ;$c31x31 cm. 500 $aIn custodia. - Contiene : Aggiornamento bibliografico. - Dono del Card. Dionigi Tettamanzi. 850 $aSeMil 852 $aSeMil$W1$xVenegono$y1$m5S XI 7$j110985$B110985$CSeMilBibl$Z2$F122007 $81 941 1 $a5 961 $aOmaggio: Tettamanzi Card. Dionigi 996 $6245$aIl Colosseo :$bun simbolo della coscienza europea$9(OLS)http://semarc/title/141434 996 $6260$aRoma :$bCosmopoli$9(OLS)http://semarc/publisher/44188 LEADER 01231nam a2200301 4500 001 000000364922 003 CaOOAMICUS 005 20251118112742.0 008 251031s1995 it 000 u ita r 020 $a88-7094-191-4 040 $aSeMil$bita 100 1 $aPizzorni, Reginaldo M.,$c.$0(OLS)http://semarc/name/17665 245 10$aGiustizia e carità /$cReginaldo Pizzorini. 264 1$aBologna :$bESD, Edizioni Studio Domenicano,$c1995. 300 $a682 p. ;$c21 cm 490 1 $aCivis ;$v10 650 4$aGiustizia - Concezione cristiana.$0(OLS)http://semarc/subject/3574 650 4$aGiustizia ed etica sociale.$0(OLS)http://semarc/subject/58614 830 0$aCivis ;$v10.$0(OLS)http://semarc/title/8946 850 $aSeMil 852 $aSeMil$W1$xVenegono$y1$m2G III 53$j264550$B255760$CSeMilBibl$Z2$F255760 $81 900 1 $aPizzorni, Reginaldo. 961 $aBuzzi mons. Franco - Omaggio 996 $6020$a88-7094-191-4$9(OLS)http://semarc/number/304457 996 $6245$aGiustizia e carità$9(OLS)http://semarc/title/92478 996 $6264$aBologna :$bESD, Edizioni Studio Domenicano$9(OLS)http://semarc/publisher/31496 LEADER 01340nam a2200241 i 4500 001 000000090806 003 CaOOAMICUS 005 20240426141231.0 008 151124s1920 it u000 u ita u 013 $a63048 040 $aSeMil$bita 245 10$aScritti varii di letteratura ecclesiastica dedicati al rev.mo abate Ambrogio Amelli O.S.B. cassinese in occasione del cinquantesimo anniversario della sua ordinazione sacerdotale, 1870-20 settembre-1920. 260 $a[Montecassino] :$bBadia di Montecassino,$c1920. 300 $aVIII, 118 p., [1] c. di tav. :$britr. ;$c33 cm. 500 $aIn testa al front.: Miscellanea Amelli 600 14$aAmelli, Ambrogio Maria .$0(OLS)http://semarc/subject/16596 700 1 $aAmelli, Ambrogio M.,$d<1848-1933>,$ededicatario.$0(OLS)http://semarc/name/15119 773 0 $t[A. Amelli.$w()32845 850 $aSeMil 852 $aSeMil$W1$xVenegono$y1$m3G VII 6/1 FA$j53773$B53773$CSeMilBibl$Z2$F58407 $8I 996 $6245$aScritti varii di letteratura ecclesiastica dedicati al rev.mo abate Ambrogio Amelli O.S.B. cassinese in occasione del cinquantesimo anniversario della sua ordinazione sacerdotale, 1870-20 settembre-1920$9(OLS)http://semarc/title/136830 996 $6260$a[Montecassino] :$bBadia di Montecassino$9(OLS)http://semarc/publisher/35112